000 00434nam a2200169Ia 4500
003 LK-CoDNM
005 20240808100915.0
008 010623t1924 xxu||||| |||| 00| 1 eng d
040 _aLK-CoDNM
_dLK-CoDNM
_eLK-CoDNM
041 _aeng
080 _a16
_bV24
100 _aMcgovern,W.Montgomery.
245 _aTo Lhasa in Disguise
260 _bThornton Butterworth Ltd
_aLondon
_c1924
300 _b352p. : ill ; 22 cm
942 _cBK
999 _c92274
_d92274